Дело: Д. Чапмен "Северо-западная граница Индии" - статья неустановленного лица о необходимости усиления влияния Англии на Восток...

Доступно только в Электронных читальных залах Найти на картеНа карте
RUSMARC
00003751nmc2a22002533x 450
0011d8ea43b-4bca-4416-af3c-e3cbd1c9ee1a
00520240923234950.0
100##$a20240730l18561856k l0rusy0189 ca
1010#$arus
102##$aRU
105##$ay###
1222#$ad
2001#$aДело: Д. Чапмен "Северо-западная граница Индии" - статья неустановленного лица о необходимости усиления влияния Англии на Востоке и ликвидации влияния там России
$j1856 г.
215##$a14 л.
$d36,5х26 см
251##$cДело
300##$aРаботы разных авторов, присланные Погодину. Научные и публицистические статьи, дневники
300##$aПеревод с английского
371##$aДокумент не является опубликованным и широко распространяемым
461#0$100155cd97b9-23cd-433f-87f9-5c7e02122c0c
$12001
$aПогодин Михаил Петрович
$1251
$cФонд
$1852
$j1108
462#0$10019701424c-f280-43b8-81cf-3217858d7048
$12001
$aРаботы и переписка М.П. Погодина. Работы разных авторов, присланных М.П. Погодину
$1251
$cОпись
$1852
$j2
801#0$aRU
$bРГИА
$c20240730
$gRCR
801#1$aRU
$bГлавНИВЦ
$c20240730
$2rusmarc
801#2$aRU
$bПБ им. Б.Н. Ельцина
$c20240923
$gRCR
$2rusmarc
850##$aРГИА
852##$aРГИА
$eФедеральное казенное учреждение "Российский государственный исторический архив" (РГИА)
$j55
937##$hРГИА
$d12417398
$aASBIBLIO_SCAN
035##$aRusGRCC00076281
856##$uhttp://readingroom.main.prlib.ru/item.aspx?id_node=n193928418&mode=full
Формат отображения